होता है कैसे रचना का जन्म (Record no. 6587)

MARC details
000 -LEADER
fixed length control field 01073 a2200217 4500
005 - DATE AND TIME OF LATEST TRANSACTION
control field 20080912100638.0
008 - FIXED-LENGTH DATA ELEMENTS--GENERAL INFORMATION
fixed length control field 080912t xxu||||| |||| 00| 0 hin d
010 ## - LIBRARY OF CONGRESS CONTROL NUMBER
LC control number HIN-80659
020 ## - INTERNATIONAL STANDARD BOOK NUMBER
Terms of availability 150.00
035 ## - SYSTEM CONTROL NUMBER
System control number HN-53005
037 ## - SOURCE OF ACQUISITION
Source of stock number/acquisition D.B.Act / pub
082 ## - DEWEY DECIMAL CLASSIFICATION NUMBER
Classification number 820.8
245 ## - TITLE STATEMENT
Title होता है कैसे रचना का जन्म
Statement of responsibility, etc संपादक इन्दु जोशी
246 ## - VARYING FORM OF TITLE
Title proper/short title Hota hai Kaise rachna ka janma
Remainder of title Ed by Indu Joshi
260 ## - PUBLICATION, DISTRIBUTION, ETC. (IMPRINT)
Place of publication, distribution, etc कोलकाता
Name of publisher, distributor, etc प्रतिध्वनि2002
Date of publication, distribution, etc 2007
270 ## - ADDRESS
Address 31, सरहरिराम गोयनका स्ट्रीट, कोलकाता
City कोलकाता
Postal code 700007
300 ## - PHYSICAL DESCRIPTION
Extent 118पृ
Dimensions 22सेमी (सजिल्द)
650 ## - SUBJECT ADDED ENTRY--TOPICAL TERM
Topical term or geographic name as entry element Hindi Literary Criticisum
942 ## - ADDED ENTRY ELEMENTS (KOHA)
Institution code [OBSOLETE] dpl
Koha item type Hindi Books
Call number prefix 820.8 / होताहै
Source of classification or shelving scheme Dewey Decimal Classification
Classification part 820.8
Call number suffix होताहै
Holdings
Withdrawn status Lost status Damaged status Not for loan Home library Current library Date acquired Cost, normal purchase price Total Checkouts Full call number Barcode Date last seen Copy number Uniform Resource Identifier Cost, replacement price Price effective from Koha item type
        D.B.Act.Division D.B.Act.Division 12/09/2008 150.00   820.8 होताहै HN-53005 15/09/2008 1 7081 150.00 15/09/2008 Hindi Books

© Delhi Public Library
Hit Counter
free hit counter